000 00412nam a2200181Ia 4500
005 20240823055057.0
008 240823s9999||||xx |||||||||||||| ||und||
041 _aENGLISH
082 _A530.124 Q7
100 _aSundar V
245 0 _aOcean Wave Mechanics
250 _a1st
260 _c2017
_bAne Books Pv
500 _aYES
650 _aOcean Wave Mechanics
_bPhysics
942 _cBK
999 _c227953
_d227953